| 000 | 00502nam a22001337a 4500 | ||
|---|---|---|---|
| 082 | _a200 THE | ||
| 100 |
_aAusama Nawaz _969422 |
||
| 245 | _aTH-SOF-1572-An Integrated Framework for Feature Recognition and Co-Evaluation of Process Planning Through Kinematics Configurations for Flexible and Changeable Manufacturing Systems | ||
| 260 |
_aISLAMABAD _bNUST COLLEGE OF EME _c2018 |
||
| 300 | _bCD | ||
| 650 |
_aMS-MECH-80 MSTHESIS _969423 |
||
| 700 |
_aAdvisor DR. SAJID ULLAH BUTT _969424 |
||
| 942 | _cCF | ||
| 999 |
_c576708 _d576708 |
||